Score 0/28 Timer 04:00
0 Plays Today
Non-potable phrase Missing (Alphabetical) % Correct
Shaving _____Cream
92.6%
Masquer___Ade
90.2%
'The Catcher in the ___'Rye
88.8%
Baking ____ (Bicarbonate of ____)Soda
87.5%
Sucker _____Punch
87%
Boston ___ PartyTea
87%
Isopropyl (Rubbing) ________Alcohol
86.3%
___ Biden, DiMaggio, or CockerJoe
86.3%
'… be good for goodness ____'Sake
86.2%
Molotov ________Cocktail
85.7%
Holy _____Water
83.1%
___pelstiltskinRum
82.1%
___slideMud
82%
____ chocolateMilk
80.9%
Non-potable phrase Missing (Alphabetical) % Correct
'The ____ese Falcoln'Malt
78.5%
_____ handsShake
77.2%
____ of callPort
77.1%
Cotton ___Gin
76.6%
______ tapeScotch
73.7%
Cement _____Mixer
72.7%
Vil_____Lager
62.7%
____ bellyBeer
61%
___ musicPop
58.2%
Duck ____Soup
53.3%
Military _____Draft
45.9%
_______, X-ray, Yankee, ZuluWhiskey
44.3%
______ cakeCoffee
38.1%
____ programming languageJava
26.7%

Today's Daily Dose

You're not logged in!

Compare scores with friends on all Sporcle quizzes.
OR
Log In

Sporcle TV

Today on Sporcle TV


Watch our educational content, quiz creation guides, and fun videos on Sporcle TV.

Show Comments

Extras

Top Quizzes Today


Score Distribution

Your Account Isn't Verified!

In order to create a playlist on Sporcle, you need to verify the email address you used during registration. Go to your Sporcle Settings to finish the process.

Report this User

Report this user for behavior that violates our Community Guidelines.

Details: